Az Eperjesi Állami Tanitónőképző-Intézet értesitője az 1900-1901. évről.
Uložené v:
| Ďalší autori: | |
|---|---|
| Médium: | Kniha |
| Jazyk: | Hungarian |
| Vydané: |
Eperjesen :
Kósch Árpád Könyvnyomtató-Intézetéből,
1901.
|
| Fyzický popis: |
75 s. |
| Tagy: |
Pridať tag
Žiadne tagy, Buďte prvý kto otaguje tento záznam!
|
Titul je dostupný aj v ... 

MARC
| LEADER | 00000nam a22000004a 4500 | ||
|---|---|---|---|
| 001 | 000617841 | ||
| 005 | 20190604134135.0 | ||
| 008 | 190604s1901 xo e 000 0 hun d | ||
| 040 | |a SVKKK |b slo |c SVKKK |e AACR2 | ||
| 245 | 1 | 3 | |a Az Eperjesi Állami Tanitónőképző-Intézet értesitője az 1900-1901. évről. |
| 260 | |a Eperjesen : |b Kósch Árpád Könyvnyomtató-Intézetéből, |c 1901. | ||
| 300 | |a 75 s. | ||
| 500 | |a Záznam revízie | ||
| 700 | 1 | |a Dúzs, Mária |4 com | |
| 910 | |a svkkk | ||
| 998 | |a BK | ||
| 090 | |g SCKHL |k HIS - študovňa |a IV.100851 |j 203655 |i 2720662133 |s Príručka / Študovňa | ||